6000 amazing facts

Bibliographic Details
Format: Book
Published: United Kingdom : Miles Kelly Publishing Ltd , 2019
Subjects:

MARC

LEADER 00000cam a2200000 7i4500
001 0000086833
005 20211012.0
008 211012
020 |a 9781786173300 
041 0 |a English 
090 0 0 |a 030   |b SIX 
245 1 0 |a 6000 amazing facts 
260 |a United Kingdom :   |b Miles Kelly Publishing Ltd ,   |c 2019 
300 |a 384 p. :   |b ill., col. ;   |c 22.4 cm. 
541 0 0 |c Purchased on 2021   |f 8/2021 DIAN   |h RM77.95 
650 0 |a Facts 
650 0 |a General Knowledge 
999 |a 0001659756   |b Book   |c Adult Collection   |e Cawangan Sri Merlong 
999 |a 0001659757   |b Book   |c Adult Collection   |e Cawangan Batu Pahat 
999 |a 0001659758   |b Book   |c Adult Collection   |e Cawangan Tangkak 
999 |a 0001659759   |b Book   |c Adult Collection   |e Cawangan Taman Sri Lambak 
999 |a 0001659760   |b Book   |c Adult Collection   |e Cawangan Bandar Tenggara 
999 |a 0001659761   |b Book   |c Adult Collection   |e Cawangan Bandar Penawar 
999 |a 0001659762   |b Book   |c Adult Collection   |e Cawangan Pontian 
999 |a 0001659763   |b Book   |c Adult Collection   |e Cawangan Sri Merlong 
999 |a 0001659764   |b Book   |c Adult Collection   |e Cawangan Mersing 
999 |a 0001659765   |b Book   |c Adult Collection   |e Cawangan Segamat 
999 |a 0001659766   |b Book   |c Adult Collection   |e Cawangan Tmn. Ungku Tun Aminah 
999 |a 0001659767   |b Book   |c Adult Collection   |e Cawangan Batu Pahat 
999 |a 0001659768   |b Book   |c Adult Collection   |e Cawangan Bukit Gambir 
999 |a 0001659769   |b Book   |c Adult Collection   |e Cawangan Muar 
999 |a 0001659770   |b Book   |c Adult Collection   |e Cawangan Muar 
999 |a 0001660039   |b Book   |c Adult Collection   |e Perbadanan Perpustakaan Awam Johor 
999 |a 0001660040   |b Book   |c Adult Collection   |e Cawangan AEON Kulaijaya 
999 |a 0001660041   |b Book   |c Adult Collection   |e Cawangan Urban Transformation Centre 
999 |a 0001660042   |b Book   |c Adult Collection   |e Perbadanan Perpustakaan Awam Johor